Globalization, human right and governance in South Africa and India / (Record no. 147134)

MARC details
000 -LEADER
fixed length control field 00619nam a22001937a 4500
005 - DATE AND TIME OF LATEST TRANSACTION
control field 20171103114613.0
010 ## - LCCN (DPL NO)
LC control number ENG-121192
020 ## - INTERNATIONAL STANDARD BOOK NUMBER
International Standard Book Number 9789385144363
Terms of availability 695.00
035 ## - SYSTEM CONTROL NUMBER
System control number EN-104724
037 ## - SOURCE OF ACQUISITION
Source of stock number/acquisition DBAD/PUB
082 ## - DEWEY DECIMAL CLASSIFICATION NUMBER
Classification number 341.480968
100 ## - MAIN ENTRY--PERSONAL NAME
Personal name Bhatnagar,Juhi
245 ## - TITLE STATEMENT
Title Globalization, human right and governance in South Africa and India /
Statement of responsibility, etc by Juhi Bhatnagar
260 ## - PUBLICATION, DISTRIBUTION, ETC. (IMPRINT)
Place of publication, distribution, etc Delhi
Name of publisher, distributor, etc Shivalik Prakashan
Date of publication, distribution, etc 2015
270 ## - ADDRESS
Address 27/16, Shakti Nagar
City Delhi
Postal code 110007
300 ## - PHYSICAL DESCRIPTION
Extent xiii,106p.
Dimensions 22cm(Hb)
500 ## - GENERAL NOTE
General note Includes bibliographical references
942 ## - ADDED ENTRY ELEMENTS (KOHA)
Source of classification or shelving scheme Dewey Decimal Classification
Item type English Books
Classification part 341.480968
Call number suffix BHA
Holdings
Withdrawn status Lost status Not for loan Collection code Home library Current library Date acquired Source of acquisition Cost, normal purchase price Full call number Barcode Copy number Cost, replacement price Koha item type
      Non-fiction Katevara Katevara 03/11/2017 DBAD/PUB 695.00 341.480968 BHA EN-104724 1 695.00 English Books

© Delhi Public Library
Hit Counter
free hit counter